| 000 | 00365nam a2200133Ia 4500 | ||
|---|---|---|---|
| 008 | 220803s9999 xx 000 0 und d | ||
| 041 | _aeng | ||
| 082 | _a728.38 AGR | ||
| 100 |
_aAgraval K C _911394 |
||
| 245 | _aBharatiya Vadic Vastukala.. | ||
| 260 |
_aNew Delhi _bVastu Vedic Research Foundation |
||
| 500 | _aArchitecture | ||
| 650 |
_aArchitectural History _911395 |
||
| 999 |
_c9434 _d9434 |
||